000 00990cas a2200229 4500
001 L157013
008 120813c2010 eng u
035 _a(Sirsi) u157013
041 0 _aeng
110 2 _aColliers International
_95548
245 0 0 _aRegional office market snapshot
_h[electronic resource]
260 _a[S.l.]
_bColliers International
_c2010
362 0 _aQ3 2010-
490 0 _aColliers International Regional Office Market Snapshot
_vQ3 2010
520 _aProvides an overview of major regional office markets focusing on all grade and grade A absorption, availability, take-up, and rents. Separate reports cover Birmingham, Bristol, Edinburgh, Glasgow, Leeds, and Manchester.
554 _aQuarterly
650 2 4 _aCOLLIERS INTERNATIONAL REGIONAL OFFICE SNAPSHOT
651 4 _aUnited Kingdom
690 _aCommercial property
_96227
856 4 0 _uhttps://www.colliers.com/en-GB/UK/insights/research-the-market
_zView the report at www.colliers.com
942 _n0
999 _c119377
_d119377